• 首页
  • 本馆介绍
  • 公告通知
  • 最新文献
  • 馆藏检索
  • 电子资源
  • 读者导购
  • 参考咨询
  • 我的图书馆
  • 登录
  • 详细信息显示
  • 放入我的书架
  • 预约/预借图书
  • 作者相关作品
  • 分类相关作品
  • 丛书相关作品
  • 出版社相关作品

书目信息

  • 表格格式
  • 工作单格式
  • 卡片格式
题名:
生物
    
 
作者: 沈同 主编
分册: 第一册  
出版信息: 石家庄   河北少年儿童出版社  2000
页数: 195页
开本: 20cm
丛书名:
单 册:
中图分类: Q5 , G634.91
科图分类:
主题词: 生物 , 教育--各级
电子资源:
ISBN: 7-5376-1228-5
000 00743nam0 2200277 45
001 0180009132
005 20070611173759.57
010    @a7-5376-1228-5@dCNY6.70
100    @a19950420d2000 em y0chiy0121 ea
101 0  @achi
102    @aCN@b130000
105    @ay z 000yy
200 10 @a生物@e教师用书@Asheng wu@h第一册@Fshen tong deng zhu bian
205    @a修订版
210    @a石家庄@c河北少年儿童出版社@d2000
215    @a195页@d20cm
300    @a三年制初级中学
517 1  @a教师用书@Ajiao shi yong shu
606    @a生物
606 0  @a教育@x各级
690    @aQ5@v4
690    @aG634.91@v3
701  0 @a沈同@Ashen tong@4主编
801  2 @aCN@bNLC@c20070611
801  0 @aCN@b上海图书馆@c20070607
905    @dG634.91@e743:1(1)=2
    
    生物:教师用书.第一册.-修订版.-石家庄:河北少年儿童出版社,2000
    195页;20cm
    三年制初级中学
    
    ISBN 7-5376-1228-5:CNY6.70
    
●
相关链接 在E读中查询图书 在五车中查询图书 在当当中查询图书 在豆瓣中查询图书


正题名:生物     索取号:G634.91/743:1(1)=2         预约/预借

序号 登录号 条形码 馆藏地/架位号 状态 备注
1 0630843   206308431   第一样本阅览室/ [索取号:G634.91/743:1(1)=2] 在馆    
2 0630844   206308440   密集书库/ [索取号:G634.91/743:1(1)=2] 在馆    
3 0630845   206308459   密集书库/ [索取号:G634.91/743:1(1)=2] 在馆    
4 0630846   206308468   密集书库/ [索取号:G634.91/743:1(1)=2] 在馆    
5 0630847   206308477   密集书库/ [索取号:G634.91/743:1(1)=2] 在馆    
6 0630848   206308486   密集书库/ [索取号:G634.91/743:1(1)=2] 在馆    
7 0630849   206308495   密集书库/ [索取号:G634.91/743:1(1)=2] 在馆    
8 0630850   206308501   密集书库/ [索取号:G634.91/743:1(1)=2] 在馆    
9 0630851   206308510   密集书库/ [索取号:G634.91/743:1(1)=2] 在馆    
10 0630852   206308529   密集书库/ [索取号:G634.91/743:1(1)=2] 在馆    
唐山师范学院图书馆 欢迎您!
大连网信软件有限公司© 版权所有